000
00366nam a2200133Ia 4500
003
GCL
008
140319s9999 xx 000 0 ara d
040
_a
GCL /
_c
GCL
082
0
4
_a
810.95
_b
م م
100
1
_a
ميشال عاصى
245
1
0
_a
مفاهيم الجمالية والنقد فى ادب الجاحظ /
_c
ميشال عاصى
300
_a
239 ص
490
_a
999
_c
37914
_d
37914